Management Prenciples & guide Lines (Record no. 2230)

MARC details
000 -LEADER
fixed length control field 00421nam a22001697a 4500
005 - DATE AND TIME OF LATEST TRANSACTION
control field 20180619141715.0
008 - FIXED-LENGTH DATA ELEMENTS--GENERAL INFORMATION
fixed length control field 160531b xxu||||| |||| 00| 0 eng d
020 ## - INTERNATIONAL STANDARD BOOK NUMBER
ISBN 81-7722-386-0
041 ## - LANGUAGE CODE
Language code of text/sound track or separate title eng
082 ## - DEWEY DECIMAL CLASSIFICATION NUMBER
Item number 6317
Classification number 658
100 ## - MAIN ENTRY--AUTHOR NAME
Personal name Duening, Thomas N & other
245 ## - TITLE STATEMENT
Title Management Prenciples & guide Lines
260 ## - PUBLICATION, DISTRIBUTION, ETC. (IMPRINT)
Place of publication New Delhi
Name of publisher Bigtantra,
300 ## - PHYSICAL DESCRIPTION
Number of Pages 496
650 ## - SUBJECT ADDED ENTRY--TOPICAL TERM
Topical Term Management
942 ## - ADDED ENTRY ELEMENTS (KOHA)
Koha item type Books
Holdings
Lost status Damaged status Collection code Home library Current library Shelving location Date acquired Cost, normal purchase price Full call number Accession Number Koha item type
    MANAGEMENT JRU Library JRU Library SHELF-38-E 31/05/2016 299.00 658 6317 Books
    MANAGEMENT JRU Library JRU Library SHELF-38-E 31/05/2016 299.00 658 6318 Books
    MANAGEMENT JRU Library JRU Library SHELF-38-E 31/05/2016 299.00 658 6319 Books